|
|
|
|
| LEADER |
01435nam a2200373 4500 |
| 001 |
000024940 |
| 003 |
21431 |
| 005 |
20170323160340.0 |
| 008 |
170323s2016 viesd |
| 041 |
0 |
|
|a vie
|
| 082 |
1 |
4 |
|a 398.3308995919
|b LƯ-Đ
|
| 100 |
1 |
|
|a Lường Thị Đại
|
| 245 |
1 |
0 |
|a Sách tính lịch của người Thái Đen Điện Biên
|b Sổ chóng bang
|c Lường Thị Đại sưu tầm, biên dịch ; Nghệ nhân Ngà Văn Đất, Chang Pâng, Lò Văn Lả
|
| 260 |
|
|
|a H.
|b Hội nhà văn
|c 2016
|
| 300 |
|
|
|a 503 tr.
|b bảng, hình
|c 21 cm.
|
| 500 |
|
|
|a ĐTTS ghi: Hội văn nghệ dân gian Việt Nam
|
| 650 |
0 |
4 |
|a Văn hóa dân gian
|x Sách tính lịch
|x Người Thái Đen
|z Việt Nam (Điện Biên)
|
| 653 |
|
|
|a Sách tính lịch
|
| 653 |
|
|
|a Dân tộc Thái Đen
|
| 653 |
|
|
|a Điện Biên
|
| 653 |
|
|
|a Văn hóa dân gian
|
| 700 |
1 |
|
|a Ngà Văn Đất
|
| 700 |
1 |
|
|a Chang Pâng
|
| 700 |
1 |
|
|a Lò Văn Lã
|
| OWN |
|
|
|a LSP
|
| AVA |
|
|
|a UDN50
|b LSP
|d 398.3308995919 LƯ-Đ
|e available
|t Error 5001 Not defined in file expand_doc_bib_avail.
|f 1
|g 0
|h N
|i 0
|k 1
|
| 999 |
|
|
|a From the UDN01
|
| AVA |
|
|
|a UDN50
|b LSP
|d 398.3308995919 LƯ-Đ
|e available
|t Error 5001 Not defined in file expand_doc_bib_avail.
|f 1
|g 0
|h N
|i 0
|k 1
|
| TYP |
|
|
|a Monograph
|
| TYP |
|
|
|a Printed language
|
| 980 |
|
|
|a Mạng thư viện Đại học Đà Nẵng
|